Countries of Asia by Last Two Letters - Statistics

General Stats
  • This quiz has been taken 45 times
  • The average score is 48 of 49
Answers on the Map
Answers color-coded by a green-red scale on the quiz's map according to % correct below.
 
Answer Stats
Answer % Correct
Afghanistan
100%
Armenia
100%
Azerbaijan
100%
Bhutan
100%
Cambodia
100%
China
100%
Georgia
100%
India
100%
Indonesia
100%
Iran
100%
Japan
100%
Jordan
100%
Kazakhstan
100%
Kyrgyzstan
100%
Malaysia
100%
Maldives
100%
Mongolia
100%
North Korea
100%
Oman
100%
Pakistan
100%
Philippines
100%
Russia
100%
Saudi Arabia
100%
South Korea
100%
Syria
100%
Taiwan
100%
Tajikistan
100%
Thailand
100%
Turkey
100%
Turkmenistan
100%
United Arab Emirates
100%
Uzbekistan
100%
Vietnam
100%
Bangladesh
98%
Laos
98%
Myanmar
98%
Nepal
98%
Qatar
98%
Sri Lanka
98%
East Timor
95%
Iraq
95%
Israel
95%
Singapore
95%
Yemen
95%
Bahrain
93%
Cyprus
93%
Kuwait
93%
Lebanon
93%
Brunei
80%
No matching quizzes found
Score Distribution
Percent of People with Each Score
Percentile by Number Answered
Your Score History
You have not taken this quiz